000 00433nam a2200157Ia 4500
003 GCL
008 140319s9999 xx 000 0 ara d
040 _aGCL /
_cGCL
082 0 4 _a494.3
_bف ل
100 1 _aفاضل مهدى بيات
245 1 0 _aاللغة التركية : قواعد وتطبيقات /
_cفاضل مهدى بيات
300 _a244 ص
490 _a
650 0 4 _aاللغة التركية
942 _2ddc
_cBK
999 _c37630
_d37630